000 00619nam a2200193Ia 4500
003 GCL
008 140319s9999 xx 000 0 ara d
040 _aGCL /
_cGCL
082 0 4 _a811
_bس ك
100 1 _aسليمان العيسى
245 1 0 _aالكتابة بقاء /
_cسليمان العيسى
250 _aالاولى
260 _aالقاهرة :
_bمؤسسة الابداع للثقافة والاداب والفنون ،
_c2005
300 _a275 ص ؛
_c20 سم
650 0 4 _aالشعر العربى
650 0 4 _aالنثر العربى
650 0 4 _aالشعر - مجموعات
942 _2ddc
_cBK
999 _c7622
_d7622